Countries With Multiple I’s - Statistics

General Stats
  • This quiz has been taken 30 times
    26 since last reset
  • The average score is 22 of 32
Answer Stats
Continent Country % Correct
North America Dominican Republic
86%
North America Haiti
81%
Asia India
81%
North America Saint Kitts and Nevis
81%
North America Saint Vincent and the Grenadines
81%
South America Bolivia
76%
Oceania Fiji
76%
Asia Indonesia
76%
Africa Liberia
76%
Africa Mauritania
76%
Africa Mauritius
76%
Asia Tajikistan
76%
Asia Tajikistan
76%
Africa Djibouti
71%
North America Dominica
71%
Africa Ethiopia
71%
Europe Liechtenstein
71%
Europe Lithuania
71%
Asia United Arab Emirates
71%
Europe Bosnia and Herzegovina
67%
Oceania Kiribati
67%
Africa Namibia
67%
North America Saint Lucia
67%
Africa Eswatini
62%
Africa Nigeria
62%
Asia Philippines
57%
Asia Saudi Arabia
57%
Africa Tunisia
57%
Africa Central African Republic
52%
Africa Guinea-Bissau
52%
Europe Vatican City
52%
Africa Equatorial Guinea
43%
No matching quizzes found
Score Distribution
Percent of People with Each Score
Percentile by Number Answered
Your Score History
You have not taken this quiz since the last reset